000 00461nam a2200157 i 4500
001 114186
003 ES-MaACL
005 20230906190108.0
007 t|
008 061121s1973 sp |||| | spa d
100 1 _aPalomino Márquez, Martín-Alfonso.
_988700
245 1 0 _aAtrás hay días /
_cMartín-Alfonso Palomino Márquez.
260 _aCáceres :
_b[s. n.],
_c1973 (
_fTip. El Noticiero)
300 _a47 p. ;
_c22 cm.
852 _aES-MaACL
_j2085-F-10
999 _c114186
_d114186